Report of the proceedings of the national conference on character education in relation to Canadian citizenship (Record no. 1360910)

MARC details
000 -LEADER
fixed length control field 00552nam a2200181Ia 4500
005 - DATE AND TIME OF LATEST TRANSACTION
control field 20250508160013.0
008 - FIXED-LENGTH DATA ELEMENTS--GENERAL INFORMATION
fixed length control field 008 250505s9999 xx 000 0 eng d
020 ## - INTERNATIONAL STANDARD BOOK NUMBER
International Standard Book Number 0-87207-519-2
037 ## - SOURCE OF ACQUISITION
Stock number Books to be hide in OPAC
040 ## - CATALOGING SOURCE
Original cataloging agency FEDL
Language of cataloging eng
Transcribing agency FEDL
041 ## - LANGUAGE CODE
Language code of text/sound track or separate title eng
Source of code eng
084 ## - COLON CLASSIFICATION NUMBER
Classification number 379.71, CAN
Assigning agency FEDL
245 #0 - TITLE STATEMENT
Title Report of the proceedings of the national conference on character education in relation to Canadian citizenship
260 ## - PUBLICATION, DISTRIBUTION, ETC.
Date of publication, distribution, etc. 1919
300 ## - PHYSICAL DESCRIPTION
Extent 135p.
942 ## - ADDED ENTRY ELEMENTS (KOHA)
Koha item type Books to be hide in OPAC
Classification part 379.71, CAN
Holdings
Withdrawn status Lost status Damaged status Not for loan Home library Current library Date acquired Total Checkouts Full call number Barcode Date last seen Price effective from Koha item type
        Department of Education Library Department of Education Library 2025-05-08   379.71, CAN EL0046785 2025-05-08 2025-05-08 Books to be hide in OPAC
Copyright @ Delhi University Library System